| Tag |
First Indicator |
Second Indicator |
Subfields |
| LEADER |
00000pam a2200000 a 4500 |
| 001 |
in00001667553 |
| 005 |
20151024121654.0 |
| 008 |
010709s2002 nyu b s001 0 eng |
| 010 |
|
|
|a 2001004049
|
| 020 |
|
|
|a 0814797636 (cloth : alk. paper)
|
| 020 |
|
|
|a 0814797628 (cloth : alk. paper)
|
| 035 |
|
|
|a (OCoLC)ocm47690826
|
| 040 |
|
|
|a DLC
|c DLC
|d YDX
|d TXA
|d UtOrBLW
|
| 043 |
|
|
|a n-us---
|
| 049 |
|
|
|a TXAM
|
| 050 |
0 |
0 |
|a HQ1075.5.U6
|b S39 2002
|
| 082 |
0 |
0 |
|a 305.42/0973/09033
|2 21
|
| 100 |
1 |
|
|a Schloesser, Pauline E.
|
| 245 |
1 |
4 |
|a The fair sex :
|b white women and racial patriarchy in the early American Republic /
|c Pauline Schloesser.
|
| 264 |
|
1 |
|a New York :
|b New York University Press,
|c [2002]
|
| 264 |
|
4 |
|c ©2002
|
| 300 |
|
|
|a xii, 243 pages ;
|c 24 cm.
|
| 336 |
|
|
|a text
|b txt
|2 rdacontent
|
| 337 |
|
|
|a unmediated
|b n
|2 rdamedia
|
| 338 |
|
|
|a volume
|b nc
|2 rdacarrier
|
| 504 |
|
|
|a Includes bibliographical references (pages 225-236) and index.
|
| 505 |
0 |
|
|a Race, gender, and woman citizenship in the American founding -- Toward a theory of racial patriarchy -- The ideology of the "fair sex" -- The philosopher queen and the U.S. constitution: Mercy Otis Warren as a reluctant signatory -- From revolution to racial patriarchy: the political pragmatism of Abigail Adams -- Gleaning a self between the lines: Judith Sargent Murray.
|
| 600 |
1 |
0 |
|a Warren, Mercy Otis,
|d 1728-1814.
|
| 600 |
1 |
0 |
|a Adams, Abigail,
|d 1744-1818.
|
| 600 |
1 |
0 |
|a Murray, Judith Sargent,
|d 1751-1820.
|
| 650 |
|
0 |
|a Sex role
|x Political aspects
|z United States
|x History
|y 18th century.
|
| 650 |
|
0 |
|a Women
|x Political activity
|z United States
|x History
|y 18th century.
|
| 650 |
|
0 |
|a Political culture
|z United States
|x History
|y 18th century.
|
| 650 |
|
0 |
|a Patriarchy
|z United States
|x History
|y 18th century.
|
| 651 |
|
0 |
|a United States
|x Politics and government
|y 1775-1783.
|
| 651 |
|
0 |
|a United States
|x Politics and government
|y 1783-1809.
|
| 651 |
|
0 |
|a United States
|x Race relations
|x Political aspects
|x History
|y 18th century.
|
| 994 |
|
|
|a E0
|b TXA
|
| 948 |
|
|
|a cataloged
|b h
|c 2002/3/7
|d c
|e jlanham
|f 3:23:15 pm
|
| 999 |
|
|
|a MARS
|
| 999 |
f |
f |
|s fd6e2eaf-234b-3cbb-bee8-ac84b8ef9e5e
|i 274b205e-c7f4-3308-96d8-fad07350bafe
|t 0
|
| 952 |
f |
f |
|p normal
|a Texas A&M University
|b College Station
|c Sterling C. Evans Library
|d Evans: Library Stacks
|t 0
|e HQ1075.5.U6 S39 2002
|h Library of Congress classification
|i unmediated -- volume
|m A14828699244
|
| 998 |
f |
f |
|a HQ1075.5.U6 S39 2002
|t 0
|l Evans: Library Stacks
|